00556 2200193 4500001002100000005001500021035002000036007000300056008004100059082001000100084001400110100002700124245009500151250001000246260004100256300002900297650002400326990001200350INLIS00000000001726220240926094445 a0010-0924000260ta240926 g 0 ind  a153.9 a153.9 PAN0 aPRASETYA, Adhi Nugroho1 aPanduan Resmi Lolos SPCP IPDN /cForum Tentor Indonesia; penyunting, Prasetya Adhi Nugroho acet.1 aYogyakarta :bForum Edukasi,c[s.a.] a480 hlm :bilus ;c25 cm 4aINTELIGENSI MANUSIA a11859 a